Hľadanie spojení v sieťach hromadnej dopravy

Guardado en:
Detalles Bibliográficos
Autor principal: Sudor, Vladimír (Autor)
Otros Autores: Čerňanský, Michal (Orientador)
Formato: Manuscrito Libro
Lenguaje:eslovaco
Publicado: 2015
Materias:
Acceso en línea:http://is.stuba.sk/zp/portal_zp.pl?podrobnosti=101075
Etiquetas: Agregar Etiqueta
Sin Etiquetas, Sea el primero en etiquetar este registro!

MARC

LEADER 00000ntm a22000003a 4500
001 stuzp47944
003 SK-STU
005 20160421160941.2
007 ta
008 150427s2015----xo-----f-mn---000-0-slo-d
040 |a STU  |b slo 
041 0 |a slo 
044 |a xo 
100 1 |a Sudor, Vladimír  |u 070300  |4 aut  |U FIIT Fakulta informatiky a informačných technológií  |T FIIT Ústav aplikovanej informatiky  |X 64459  |U I300  |Y 180  |7 A000064459 
242 0 1 |a Searching connections in public transport networks  |y eng 
245 1 0 |a Hľadanie spojení v sieťach hromadnej dopravy 
260 |c 2015 
300 |a 59 s.  |e CD-ROM 
650 4 |a meškanie  |2 slo 
650 4 |a mhd  |2 slo 
650 4 |a predikcia  |2 slo 
650 4 |a urban public transport  |2 eng 
650 4 |a prediction  |2 eng 
650 4 |a delay  |2 eng 
700 1 |a Čerňanský, Michal  |4 ths  |X 4236  |7 4236 
856 4 |u http://is.stuba.sk/zp/portal_zp.pl?podrobnosti=101075 
996 |b 284ID00042  |c I* DP41/15  |l II680  |s P  |a 0  |w stuzp47944_0001